000 01044cam a2200253 a 4500
999 _c58129
_d58129
001 16308987
005 20210622105320.0
008 100629s2011 caua b 001 0 eng
020 _a9780470505168
041 _aeng
080 _a376 O-90
100 1 _aOtten, Kaye L.
_d
_96584
245 1 0 _aHow to reach and teach children with challenging behavior :
_bpractical, ready-to-use interventions that work /
_cKaye L. Otten and Jodie L. Tuttle.
264 _aSan Francisco :
_bJossey-Bass,
_c2011.
300 _a307 p. :
_bill. ;
_c28 cm.
653 _aპრობლემური ბავშვები
653 _aПроблемные дети
653 _aДети с психическими отклонениями
653 _aგონებრივი შეზღუდვის მქონე ბავშვები
653 _aპედაგოგიკა
653 _aქცევის მოდიფიკაცია
700 1 _aTuttle, Jodie L.,
_d
_eავტორი
_96588
942 _2udc
_cBK